Normal view
MARC view
- My Feudal Lord
Entry Topical Term
001 - CONTROL NUMBER
- control field: 96686
003 - CONTROL NUMBER IDENTIFIER
- control field: NUST
005 - DATE AND TIME OF LATEST TRANSACTION
- control field: 20220810103547.0
008 - FIXED-LENGTH DATA ELEMENTS
- fixed length control field: 220810|| aca||aabn | a|a d
040 ## - CATALOGING SOURCE
- Original cataloging agency: NUST
- Transcribing agency: NUST
150 ## - HEADING--TOPICAL TERM
- Topical term or geographic name entry element: My Feudal Lord
670 ## - SOURCE DATA FOUND
- Source citation: Work cat.: (NUST): Durrani, Tehmina: 11075, MY FEUDAL LORD, 1994.
